Square Numbers - Sudden Death - Statistics

General Stats
  • This quiz has been taken 67 times
  • The average score is 9 of 15
Answers on the Grid
Answers color-coded by a green-red scale on the quiz's grid according to % correct below.
7
1
9
288
221
289
168
187
121
485
2025
73
196
16
99
220
450
361
144
225
42
169
64
198
101
91
545
441
164
49
100
65
 
Answer Stats
Answer % Correct
9
96%
1
88%
16
71%
100
63%
144
63%
196
63%
49
63%
121
58%
64
58%
225
54%
169
46%
2025
46%
289
33%
441
33%
361
25%
No matching quizzes found
Score Distribution
Percent of People with Each Score
Percentile by Number Answered
Your Score History
You have not taken this quiz